Islas de Europa con una población superior a 10.000 habitantes - Estadísticas

Estadísticas generales
  • Esta prueba ha sido intentada 152 veces
    141 desde el último reinicio
  • La puntuación promedio es 21 de 115
Estadísticas de respuestas
Posición Isla Población % Correcto
2 Irlanda 6.300.000
98%
10 Malta 406.000
90%
1 Gran Bretaña 59.608.000
87%
7 Mallorca 845.680
87%
3 Sicilia 5.036.600
87%
5 Cerdeña 1.670.219
86%
22 Ibiza 114.000
86%
26 Menorca 88 400
86%
13 Córcega 302.000
84%
6 Chipre 855.000
83%
12 Islandia 305.000
78%
8 Creta 623.600
75%
98 Formentera 12 216
59%
28 Isla de Man 80 000
58%
27 Jersey 88 200
45%
86 Île de Ré 15 000
42%
101 Santorini 11 716
41%
25 Lesbos 90 643
39%
21 Rodas 117.007
39%
23 Corfú 111.975
35%
33 Guernsey 62 200
34%
4 Selandia 2.115.317
27%
55 Elba 32 000
24%
35 Gotland 57 600
23%
99 Capri 12 200
22%
61 Åland 23 600
19%
14 Eubea 218.032
18%
100 Naxos 12 089
18%
53 Samos 33 814
18%
34 Venecia 62 000
17%
56 Gozo 31 100
16%
44 Cefalonia 42 088
15%
68 Lido de Venecia 20 000
15%
75 Krk 17 860
13%
19 Isla de Wight 140.000
11%
97 Paros 12 853
11%
30 Rügen 73 000
10%
38 Chios 53 817
9%
37 Ischia 56 100
9%
77 Lemnos 17 000
9%
88 Brac 14 031
8%
9 Fionia 447.060
8%
104 Hvar 11 103
8%
57 Kos 30 947
8%
62 Prefectura de Léucade 22 879
8%
47 Saaremaa 39 200
8%
31 Anglesey 68 900
7%
80 Korcula 16 182
7%
32 Lolland 68 224
7%
83 Mainland 15 315
7%
111 Møn 10 448
7%
59 Öland 24 600
7%
67 Oléron 20 000
7%
48 Salamina 38 022
7%
69 Siros 20 000
7%
16 Amager 160.064
6%
42 Bornholm 43 245
6%
40 Chioggia 51 336
6%
41 Falster 43 364
6%
105 Hiiumaa 11 087
6%
79 Kálimnos 16 576
6%
91 Langeland 13 881
6%
70 Lewis y Harris 19 918
6%
106 Lipari 11 000
6%
109 Procida 10 694
6%
18 São Miguel 141.000
6%
66 Sylt 21 000
6%
36 Terceira 56 477
6%
93 Texel 13 700
6%
29 Usedom 76 500
6%
46 Zakynthos 41 472
6%
95 Aegina 13 552
5%
84 Faial 15 063
5%
87 Pico 14 806
5%
110 São Jorge 10 500
5%
63 Streymoy 22 555
5%
39 Als 51 806
4%
60 Askøy 24 000
4%
107 Eysturoy 10 883
4%
54 Hinnøya 32 101
4%
20 Hisingen 126.000
4%
49 Isla de Sheppey 37 852
4%
94 Isla Holy 13 600
4%
58 Karmøy 29 940
4%
43 Kotlin 43 100
4%
81 Langøya 15 844
4%
64 Mors 22 293
4%
89 Orust 14 000
4%
82 Sotra 15 356
4%
71 Stord 19 400
4%
90 Tjörn 14 000
4%
11 Vendsyssel-Thy 306.373
4%
74 Wolin 18 000
4%
50 Canvey 37 473
3%
96 Fehmarn 13 000
3%
65 Isla del Puerto 22 167
3%
114 Isla de Noirmoutier 10 000
3%
15 Isla Vasilievsky 202.650
3%
45 Kungsholmen 42 000
3%
72 Lauttasaari 18 965
3%
51 Lidingö 37 000
3%
73 Nøtterøy 18 500
3%
17 Portsea 147.088
3%
102 Sant'Antioco 11 700
3%
24 Södermalm 99 685
3%
92 Thasos 13 765
3%
52 Tromsøya 35 000
3%
115 Värmdö 10 000
3%
85 Ekerö 15 000
2%
78 Hayling 16 887
2%
113 Jeløy 10 156
2%
112 Kvaløya 10 300
2%
76 Shetland Mainland 17 550
2%
108 Vestvågøy 10 700
2%
103 Walney 11 391
2%
No se encontraron pruebas coincidentes
Distribución de puntuación
Porcentaje de gente con cada puntuación
Porcentaje por número respondido
Historial de tus puntuaciones
No has intentado esta prueba desde el último reinicio